00545nam a2200229Ia 450000500170000000800460001702000180006303700100008104000080009104000080009904000080010704100080011504100080012308400080013110000170013924500610015626000230021726000090024036500050024936500080025485600530026220260324145731.0008 260324s9999 xx 000 0 eng d a9781315108599 aEBOOK aCRL beng cCRL 2eng aeng qCRL aRobert Marks 0aNon-Renewable Resources and Disequilibrium Macrodynamics bTaylor and Francis c1979 a b230 uhttp://www.taylorfrancis.com/books/9781315108599